BIBLIOTECA

SENCICO

Manual de construcción en profundidad (Registro nro. 3425)

Detalles MARC
000 -LEADER
fixed length control field 00596nam a2200241Ia 4500
005 - DATE AND TIME OF LATEST TRANSACTION
control field 20251020182613.0
008 - FIXED-LENGTH DATA ELEMENTS--GENERAL INFORMATION
fixed length control field 200515s9999 xx 000 0 und d
082 ## - DEWEY DECIMAL CLASSIFICATION NUMBER
Classification number SC/69/K57
100 ## - MAIN ENTRY--PERSONAL NAME
Personal name KIRGIS, Ludwing
245 #0 - TITLE STATEMENT
Title Manual de construcción en profundidad
250 ## - EDITION STATEMENT
Edition statement 9a ed.
260 ## - PUBLICATION, DISTRIBUTION, ETC.
Place of publication, distribution, etc. Barcelona
260 ## - PUBLICATION, DISTRIBUTION, ETC.
Date of publication, distribution, etc. s.a.
300 ## - PHYSICAL DESCRIPTION
Extent 636
650 ## - SUBJECT ADDED ENTRY--TOPICAL TERM
Topical term or geographic name entry element ABASTECIMIENTO DE AGUA
650 ## - SUBJECT ADDED ENTRY--TOPICAL TERM
Topical term or geographic name entry element CONSTRUCCIONES DE MADERA
650 ## - SUBJECT ADDED ENTRY--TOPICAL TERM
Topical term or geographic name entry element CONSTRUCCIONES METALICAS
650 ## - SUBJECT ADDED ENTRY--TOPICAL TERM
Topical term or geographic name entry element HIDRAULICA
650 ## - SUBJECT ADDED ENTRY--TOPICAL TERM
Topical term or geographic name entry element MANUALES
650 ## - SUBJECT ADDED ENTRY--TOPICAL TERM
Topical term or geographic name entry element MOVIMIENTO DE TIERRAS
650 ## - SUBJECT ADDED ENTRY--TOPICAL TERM
Topical term or geographic name entry element TOPOGRAFIA
942 ## - ADDED ENTRY ELEMENTS (KOHA)
Koha item type Libros
Existencias
Fecha de la última vez que lo usaron Pago total Signatura topográfica completa Código de barras Precio efectivo desde Tipo de documento Estado perdido Estado dañado No es para préstamo Retirado Ubicación permanente Ubicación actual Fecha de adquisición
15/05/2020   SC/69/K57 Bib-Lima15053425 15/05/2020 Libros         Biblioteca Central Lima Biblioteca Central Lima 15/05/2020